The Beatles Songs By Lyrics - Ultimate - Statistics

General Stats
  • This quiz has been taken 69 times
  • The average score is 6 of 24
Answer Stats
Hint Answer % Correct
But if you go carrying pictures of Chairman Mao, you ain't gonna make it with anyone anyhow Revolution
63%
And the jailer man and Sailor Sam were searching everyone Band on the Run
58%
Those freaks was right when they said you was dead. The one mistake you made was in your head How Do You Sleep?
45%
Love is all, love is you Because
36%
And if I make it through, it's all because of you Now and Then
36%
Sunrise doesn't last all morning All Things Must Pass
34%
Mama don't go, Daddy come home Mother
28%
And though I lose a friend, in the end, you will know I'll Follow the Sun
27%
Did you have to treat me, oh, so bad? All I do is hang my head and moan Tell Me Why
27%
You want a love to last forever. One that will never fade away Coming Up
25%
Ah, rock on, George, one time for me! Honey Don't
23%
Now it's past my bed, I know and it really goes to show. Blue Jay Way
19%
"Buy! Buy!" says the sign in the shop window Junk
19%
So I stood with a knot in my stomach Monkberry Moon Delight
19%
We all know that people are the same wherever you go Ebony and Ivory
16%
To your muff! It's All Too Much
16%
But I can't make it 'til you come home again to stay Photograph
16%
Oh the judge he guilty found her for robbing a homeward bounder Maggie Mae
13%
Going to find her, going to find her Searchin'
13%
I, I saw a girl in my dreams, and so it seems that I will love her Like Dreamers Do
11%
I met you in the morning waiting for the tides of time What Goes On
6%
I'd forgotten all about it, George, I'm sorry Revolution 9
5%
While I'm trying to do my bit I don't expect to take your heart Not Guilty
3%
I'll look after you like I've never done before In Spite of All the Danger
2%
No matching quizzes found
Score Distribution
Percent of People with Each Score
Percentile by Number Answered
Your Score History
You have not taken this quiz